| 000 | 00607nam a2200205Ia 4500 | ||
|---|---|---|---|
| 003 | GCL | ||
| 008 | 140319s9999 xx 000 0 ara d | ||
| 040 |
_aGCL / _cGCL |
||
| 082 | 0 | 4 |
_a810.9 _bط م |
| 100 | 1 | _aطه حسين | |
| 245 | 1 | 0 |
_aمع ابى العلاء فى سجنة (هدية من الاديب عبدالفتاح الجمل) / _cطه حسين |
| 300 | _a245 ص | ||
| 490 | _a | ||
| 650 | 0 | 4 | _aالشعر العربى |
| 650 | 0 | 4 | _aالادب العربى |
| 650 | 0 | 4 | _aالعصر الجاهلى |
| 650 | 0 | 4 | _aطه حسين |
| 650 | 0 | 4 | _aابوالعلاء المعرى |
| 942 |
_2ddc _cBK |
||
| 999 |
_c39410 _d39410 |
||